000 00868nam a22003017a 4500
003 CHAP
005 20220329134303.0
008 971013s1960 r 00010 d
010 _a18150
011 _a19122
035 _a23207
040 _cCHAP
082 0 0 _a631.4
_bD45f
100 0 0 _aDemolon, Albert.
_931748
245 1 _aDynamique du sol
250 _a5 ed.
260 _aParis :
_bDunod,
_c1960
300 _a520 p.
_b: ilus.
490 _aPrincipes d'Agronomie
_v; 1
590 _aBATCH-UPD
_b10
_c20130110
_lUCH01
_h1513
590 _aCONVERSION
_b10
_c20130109
_lUCH01
_h1311
650 1 4 _aSuelos.
_9110191
830 0 _aPrincipes d'Agronomie
_v; 1
_991650
901 _aBK
942 _cLIBRO
949 _a631.4 D45f
_bBC
_cLIBRO
_d33724000061362
_eLIBRO
_h20950
_i23207
_si
949 _a631.4 D45f
_bBC
_cLIBRO
_d33724002206132
_eLIBRO
_fc.2
_h20951
_i23207
_si
999 _c18150
_d18150